Principles of marketing / (Record no. 18022)
[ view plain ]
| 000 -LEADER | |
|---|---|
| fixed length control field | 00575nam a22002297a 4500 |
| 003 - CONTROL NUMBER IDENTIFIER | |
| control field | OSt |
| 005 - DATE AND TIME OF LATEST TRANSACTION | |
| control field | 20140310182957.0 |
| 008 - FIXED-LENGTH DATA ELEMENTS--GENERAL INFORMATION | |
| fixed length control field | 130207t xxu||||| |||| 00| 0 eng d |
| 020 ## - INTERNATIONAL STANDARD BOOK NUMBER | |
| International Standard Book Number | 9789712721588 |
| 020 ## - INTERNATIONAL STANDARD BOOK NUMBER | |
| International Standard Book Number | 9789712721571 |
| 050 ## - LIBRARY OF CONGRESS CALL NUMBER | |
| Classification number | HF 5415 |
| Item number | .Ac12 2009 |
| 100 ## - MAIN ENTRY--PERSONAL NAME | |
| Personal name | Ac-Ac, Maria Victoria M. |
| 245 ## - TITLE STATEMENT | |
| Title | Principles of marketing / |
| Statement of responsibility, etc | Maria Victoria M. Ac-Ac |
| 260 ## - PUBLICATION, DISTRIBUTION, ETC. (IMPRINT) | |
| Place of publication, distribution, etc | Manila : |
| Name of publisher, distributor, etc | Anvil, |
| Date of publication, distribution, etc | 2009. |
| 300 ## - PHYSICAL DESCRIPTION | |
| Extent | 282 p. : |
| Dimensions | 26 cm. |
| 521 ## - TARGET AUDIENCE NOTE | |
| Target audience note | |
| 650 ## - SUBJECT ADDED ENTRY--TOPICAL TERM | |
| Topical term or geographic name as entry element | Marketing |
| 942 ## - ADDED ENTRY ELEMENTS (KOHA) | |
| Source of classification or shelving scheme | Library of Congress Classification |
| Koha item type | Books |
| Call number prefix | Local |
| Withdrawn status | Lost status | Source of classification or shelving scheme | Damaged status | Home library | Current library | Shelving location | Date acquired | Source of acquisition | Total Checkouts | Full call number | Barcode | Date last seen | Price effective from | Koha item type | Date checked out | Copy number |
|---|---|---|---|---|---|---|---|---|---|---|---|---|---|---|---|---|
| Library of Congress Classification | College Library | College Library | Filipiniana Section | 12/06/2013 | Donation | HF 5415 .Ac12 2009 | C11221 | 05/08/2018 | 12/06/2013 | Books | ||||||
| Library of Congress Classification | College Library | College Library | General Circulation Section | 12/06/2013 | 1 | HF 5415 .Ac12 2009 | C14809 | 05/15/2018 | 12/06/2013 | Books | 02/20/2015 | 2 |